| 000 | 00760nam a2200205 i 4500 | ||
|---|---|---|---|
| 001 | 59157 | ||
| 003 | ES-MaACL | ||
| 005 | 20230906163958.0 | ||
| 007 | t| | ||
| 008 | 031027s1914 fr ||||1| fre d | ||
| 100 | 1 |
_aEliade, Pompiliu. _946956 |
|
| 245 | 1 | 3 |
_aLa roumanie au XIXe siècle / _cPompiliu Eliade. |
| 260 |
_aParís : _b[s.n., _c1914] ( _fLe Bigot) |
||
| 300 |
_a2 v. ; _c19 cm. |
||
| 500 | _aEl v. 2 está impreso en Coulommiers por Paul Brodard. | ||
| 505 | 8 | _aContiene: T.I: Les premiers princes indigènes (1821-1828). -- T.II: Les trois prèsidents plenipotentiaires (1828-1834) | |
| 740 | 4 | _aLes premiers princes indigènes, (1821-1828) | |
| 740 | 4 | _aLes trois prèsidents plenipotentiaires, (1828-1834) | |
| 852 |
_aES-MaACL _jF-8447-8448 |
||
| 999 |
_c59157 _d59157 |
||